<?xml version="1.0" encoding="UTF-8"?>
<record
    xmlns:xsi="http://www.w3.org/2001/XMLSchema-instance"
    xsi:schemaLocation="http://www.loc.gov/MARC21/slim http://www.loc.gov/standards/marcxml/schema/MARC21slim.xsd"
    xmlns="http://www.loc.gov/MARC21/slim">

  <leader>00950nam1a2200277 i 4500</leader>
  <controlfield tag="001">RU\NLR\BIBL_A\010546497</controlfield>
  <controlfield tag="005">20240725013407.0</controlfield>
  <datafield tag="035" ind1=" " ind2=" ">
    <subfield code="a">(NLR Aleph) 010546497</subfield>
  </datafield>
  <datafield tag="090" ind1=" " ind2=" ">
    <subfield code="a">10318640</subfield>
    <subfield code="c">10318640</subfield>
  </datafield>
  <datafield tag="100" ind1=" " ind2=" ">
    <subfield code="a">20140122g20139999um y0rusy50      ca</subfield>
  </datafield>
  <datafield tag="101" ind1="0" ind2=" ">
    <subfield code="a">rus</subfield>
  </datafield>
  <datafield tag="102" ind1=" " ind2=" ">
    <subfield code="a">RU</subfield>
  </datafield>
  <datafield tag="105" ind1=" " ind2=" ">
    <subfield code="a">||||z||||||||</subfield>
  </datafield>
  <datafield tag="200" ind1="1" ind2=" ">
    <subfield code="a">&#x412;&#x437;&#x433;&#x43B;&#x44F;&#x434; &#x438;&#x437; &#x442;&#x435;&#x43C;&#x43D;&#x43E;&#x442;&#x44B;</subfield>
    <subfield code="f">&#x41F;&#x435;&#x442;&#x440; &#x41C;&#x430;&#x441;&#x43A;&#x43E;&#x432;</subfield>
  </datafield>
  <datafield tag="210" ind1=" " ind2=" ">
    <subfield code="a">&#x41C;&#x43E;&#x441;&#x43A;&#x432;&#x430;</subfield>
    <subfield code="c">Onebook.ru</subfield>
    <subfield code="c">&#x421;&#x430;&#x43C; &#x41F;&#x43E;&#x43B;&#x438;&#x433;&#x440;&#x430;&#x444;&#x438;&#x441;&#x442;</subfield>
    <subfield code="d">2013</subfield>
  </datafield>
  <datafield tag="215" ind1=" " ind2=" ">
    <subfield code="d">21</subfield>
  </datafield>
  <datafield tag="300" ind1=" " ind2=" ">
    <subfield code="a">&#x412; &#x432;&#x44B;&#x43F;. &#x434;&#x430;&#x43D; &#x438; &#x43C;&#x430;&#x43A;&#x435;&#x442;&#x435; &#x43E;&#x431;&#x449;. &#x437;&#x430;&#x433;&#x43B;.: &#x418;&#x432;&#x430;&#x43D; &#x421;. &#x412;&#x437;&#x433;&#x43B;&#x44F;&#x434; &#x438;&#x437; &#x442;&#x435;&#x43C;&#x43D;&#x43E;&#x442;&#x44B;</subfield>
  </datafield>
  <datafield tag="517" ind1="1" ind2=" ">
    <subfield code="a">&#x418;&#x432;&#x430;&#x43D; &#x421;. &#x412;&#x437;&#x433;&#x43B;&#x44F;&#x434; &#x438;&#x437; &#x442;&#x435;&#x43C;&#x43D;&#x43E;&#x442;&#x44B;</subfield>
  </datafield>
  <datafield tag="686" ind1="2" ind2=" ">
    <subfield code="a">&#x428;6(2=&#x420;)8-440.4</subfield>
  </datafield>
  <datafield tag="700" ind1=" " ind2="1">
    <subfield code="a">&#x41C;&#x430;&#x441;&#x43A;&#x43E;&#x432;</subfield>
    <subfield code="b">&#x41F;.&#x42E;.</subfield>
    <subfield code="g">&#x41F;&#x435;&#x442;&#x440; &#x42E;&#x440;&#x44C;&#x435;&#x432;&#x438;&#x447;</subfield>
  </datafield>
  <datafield tag="852" ind1=" " ind2=" ">
    <subfield code="a">NLR</subfield>
    <subfield code="j">2014-3/1065</subfield>
  </datafield>
  <datafield tag="942" ind1=" " ind2=" ">
    <subfield code="c">BOOK</subfield>
  </datafield>
  <datafield tag="980" ind1=" " ind2=" ">
    <subfield code="a">NBR</subfield>
  </datafield>
</record>
